01296cam a2200325 i 4500003000900000005001700009007000300026008004100029020001800070040003000088082002000118100003600138245009600174264005000270300002600320336002700346337003400373338002800407490002400435500013600459500006200595590002700657650002800684651003200712700004200744910001400786942001400800952013900814999001700953DO-SdBNP20231004132108.0ta751003s2017 sp 000 f spa d a9788467050646 aDO-SdBNPbspacBNPHUerda a823.3bW671222 aWilde, Oscar,d1854-190091329413aEl fantasma de Canterville :by otros cuentos /cOscar Wilde ; traducción Catalina Montes 1aBarcelona, España :bEspasa Libros, c2017. a379 páginasc19 cm. 2rdacontentatextobtxt 2rdamediaasin mediación bn 2rdacarrieravolumenbnc1 aAustral Intrépida aEl papel utilizado para la impresión de este libro es cien por ciento libro de cloro y está calificado como papel ecológico.  aIncluye datos biográficos del autor en la página 379. aInventariado, 2023/ YL 4aNovela irlandesa911511 aLiteratura irlandesa9843511 aMontes, Catalinaetraducción942669 aYlockward 2ddccLBS1 00102ddc56708GRaBNPHUbBNPHUcCTd2019-02-02eLibrería Cuestal0oBNPHU GR 823.3 W671p2023-6631r2023-10-03w2023-10-03yLBS1 c55059d55059